| 000 | 00761nac a22002051u 4500 | ||
|---|---|---|---|
| 010 | _a 95043850 | ||
| 020 | _a0875846521 (alk. paper) | ||
| 082 | 0 | 0 |
_a338.74 _bSIM |
| 090 |
_c9452 _d9452 |
||
| 100 | _aSimon, Hermann | ||
| 245 | 1 | 0 |
_aHidden champions : lessons from 500 of the world's best unknown companies / _cHermann Simon. |
| 260 |
_aBoston, Mass. : _bHarvard Business School Press,1996. _cc1996. |
||
| 300 |
_aix, 298 p. : _bill. ; _c25 cm. |
||
| 500 | _aDistributer: Al-Ahram | ||
| 504 | _aIncludes bibliographical references and index. | ||
| 511 | _aCatalogued by: Sara | ||
| 650 | 0 |
_aSuccess in business _xCase studies. |
|
| 650 | 0 |
_aSmall business _xManagement _xCase studies. |
|
| 942 |
_cBB _k338.74SIM |
||
| 999 |
_c9452 _d9452 |
||